[Event "DEN-chT1 1920 Gr1"]
[Site "Denmark"]
[Date "2020.01.12"]
[Round "4"]
[White "Jorgensen, Brian"]
[Black "Jorgensen, Per Henrik Dorff"]
[Result "1/2-1/2"]
[WhiteElo "2255"]
[BlackElo "2232"]
[PlyCount "77"]
[EventDate "2019.10.27"]
[EventType "team-tourn"]
[EventRounds "9"]
[EventCountry "DEN"]
[SourceTitle "EXT 2025"]
[Source "ChessBase"]
[SourceDate "2024.10.14"]
[SourceVersion "1"]
[SourceVersionDate "2024.10.14"]
[SourceQuality "1"]
[WhiteTeam "Koge II"]
[BlackTeam "Frederiksberg"]
[WhiteTeamCountry "DEN"]
[BlackTeamCountry "DEN"]

1. d4 Nf6 2. c4 g6 3. Nc3 Bg7 4. e4 d6 5. f4 0-0 6. Nf3 c5 7. dxc5 Qa5 8. Bd3 Qxc5 9. Qe2 Nc6 10. Be3 Qa5 11. Rc1 Nd7 12. 0-0 Nc5 13. Bb1 Na4 14. Nxa4 Qxa4 15. Qf2 Qb4 16. b3 a5 17. Qh4 a4 18. bxa4 Qa3 19. Rce1 Rxa4 20. f5 Rxc4 21. Ng5 h6 22. fxg6 fxg6 23. Rxf8+ Bxf8 24. Nf3 Qb2 25. Bxh6 Bxh6 26. Qxh6 Qg7 27. Qd2 Rc5 28. a3 Be6 29. Ba2 Bxa2 30. Qxa2+ Qf7 31. Qb1 b5 32. Rf1 Qe6 33. h3 Kg7 34. Qb2+ Qf6 35. Qd2 Qc3 36. Qf4 Qf6 37. Qd2 Qc3 38. Qf4 Qf6 39. Qd2 1/2-1/2

[Event "Copenhagen AS04 Centenary"]
[Site "Copenhagen"]
[Date "2004.02.13"]
[Round "7"]
[White "Nielsen, Borge Hjerrild"]
[Black "Jorgensen, Per Henrik Dorff"]
[Result "0-1"]
[WhiteElo "2132"]
[BlackElo "2265"]
[PlyCount "146"]
[EventDate "2004.02.07"]
[EventType "swiss"]
[EventRounds "9"]
[EventCountry "DEN"]
[SourceTitle "CBM 098 Extra"]
[Source "ChessBase"]
[SourceDate "2004.03.10"]
[SourceVersion "2"]
[SourceVersionDate "2004.03.10"]
[SourceQuality "1"]

1. d4 Nf6 2. c4 g6 3. Nf3 Bg7 4. g3 0-0 5. Bg2 d6 6. 0-0 Nbd7 7. Qc2 e5 8. Rd1 Qe7 9. Nc3 c6 10. e4 exd4 11. Nxd4 Re8 12. b3 Nc5 13. f3 Nfd7 14. Rb1 a5 15. Bf4 Ne5 16. Nce2 h5 17. h3 Bd7 18. Bd2 Ne6 19. Nxe6 Bxe6 20. Nf4 Bd7 21. Re1 h4 22. g4 Qf6 23. Rf1 Bh6 24. Ne2 Bxd2 25. Qxd2 c5 26. Rbd1 a4 27. Qxd6 Re6 28. Qd2 axb3 29. axb3 Rea6 30. f4 Nxg4 31. Qxd7 Ne3 32. e5 Qb6 33. Rd6 Qxb3 34. Rxa6 Rxa6 35. Rf2 Ra1+ 36. Kh2 Nxg2 37. Rxg2 Qxc4 38. Qxb7 Ra3 39. Qe7 Re3 40. Qd8+ Kg7 41. Qd2 Qe4 42. Qb2 Kg8 43. Rf2 c4 44. Ng1 c3 45. Qb8+ Kg7 46. Qd8 Rd3 47. Qf6+ Kg8 48. Qxh4 Qd5 49. Re2 Rd2 50. Qf2 Qd3 51. Kg2 Kg7 52. Qf3 Qxf3+ 53. Kxf3 c2 54. Rxd2 c1Q 55. Rf2 Qxg1 56. Rg2 Qf1+ 57. Kg3 Kh6 58. Rf2 Qg1+ 59. Kf3 Kh5 60. Ke2 Qb1 61. Rf3 Qe4+ 62. Kf2 Kh4 63. Kg2 Kh5 64. Kf2 Kh6 65. Kg3 Kg7 66. Rf2 Kf8 67. Rf3 Qc2 68. Rf2 Qf5 69. h4 Kg7 70. Rd2 Kh6 71. Rd6 Kh5 72. Rf6 Qd3+ 73. Kf2 Kg4 0-1

[Event "Copenhagen AS04 Centenary"]
[Site "Copenhagen"]
[Date "2004.02.08"]
[Round "2"]
[White "Jorgensen, Per Henrik Dorff"]
[Black "Pallesen, Jacob"]
[Result "1-0"]
[WhiteElo "2265"]
[BlackElo "2051"]
[PlyCount "99"]
[EventDate "2004.02.07"]
[EventType "swiss"]
[EventRounds "9"]
[EventCountry "DEN"]
[SourceTitle "CBM 098 Extra"]
[Source "ChessBase"]
[SourceDate "2004.03.10"]
[SourceVersion "2"]
[SourceVersionDate "2004.03.10"]
[SourceQuality "1"]

1. Nf3 d5 2. d4 Nf6 3. c4 c6 4. Nc3 a6 5. e3 g6 6. Bd3 Bg7 7. Qc2 Nbd7 8. 0-0 0-0 9. b3 b5 10. Bb2 Bb7 11. c5 Qc7 12. h3 Rae8 13. Ne2 Kh8 14. a4 Ng8 15. Rfc1 e5 16. dxe5 Nxe5 17. Nxe5 Bxe5 18. axb5 axb5 19. Ra7 Qb8 20. Rca1 f6 21. Nd4 Bxd4 22. Bxd4 Re7 23. h4 Qe8 24. Qe2 Bc8 25. Ra8 Qf7 26. Qf3 Rfe8 27. Qf4 Kg7 28. g4 Kf8 29. f3 f5 30. g5 Qe6 31. Kf2 Rf7 32. Rb8 Rfe7 33. Raa8 Bd7 34. Rxe8+ Rxe8 35. Ra7 Kf7 36. h5 Re7 37. hxg6+ hxg6 38. Qh2 Kf8 39. Qb8+ Be8 40. f4 Rxa7 41. Qxa7 Qd7 42. Qb8 Qe6 43. Ke2 Qd7 44. Kd2 Ke7 45. Kc3 Qe6 46. Kb4 Qd7 47. Be5 Bf7 48. Bf6+ Nxf6 49. gxf6+ Kxf6 50. Qe5# 1-0

[Event "Taastrup op"]
[Site "Taastrup"]
[Date "2000.01.28"]
[Round "8"]
[White "El Kher, Henrik"]
[Black "Jorgensen, Per Henrik Dorff"]
[Result "1/2-1/2"]
[WhiteElo "2372"]
[BlackElo "2300"]
[PlyCount "58"]
[EventDate "2000.01.21"]
[EventType "swiss"]
[EventRounds "9"]
[EventCountry "DEN"]
[SourceTitle "EXT 2023"]
[Source "ChessBase"]
[SourceDate "2022.10.05"]
[SourceVersion "1"]
[SourceVersionDate "2022.10.05"]
[SourceQuality "1"]

1. e4 e5 2. Nf3 Nc6 3. Nc3 Nf6 4. d4 exd4 5. Nxd4 Bb4 6. Nxc6 bxc6 7. Bd3 d5 8. exd5 cxd5 9. 0-0 0-0 10. Bg5 Be6 11. Nb5 c5 12. a3 Ba5 13. b4 Bb6 14. bxc5 Bxc5 15. Qf3 Rc8 16. c3 h6 17. Bxf6 Qxf6 18. Qxf6 gxf6 19. Rfc1 Rc6 20. Nd4 Rb6 21. Kf1 Rc8 22. Rc2 Bxd4 23. cxd4 Rxc2 24. Bxc2 Rb2 25. Bd3 Rd2 26. Bb5 Rxd4 27. Ke2 Re4+ 28. Kd2 Rd4+ 29. Ke2 Re4+ 1/2-1/2

[Event "Taastrup op"]
[Site "Taastrup"]
[Date "2000.01.27"]
[Round "7"]
[White "Jorgensen, Per Henrik Dorff"]
[Black "Jakobsen, Ole"]
[Result "1/2-1/2"]
[WhiteElo "2300"]
[BlackElo "2402"]
[PlyCount "112"]
[EventDate "2000.01.21"]
[EventType "swiss"]
[EventRounds "9"]
[EventCountry "DEN"]
[SourceTitle "EXT 2023"]
[Source "ChessBase"]
[SourceDate "2022.10.05"]
[SourceVersion "1"]
[SourceVersionDate "2022.10.05"]
[SourceQuality "1"]

1. d4 Nf6 2. Nf3 e6 3. Bf4 b6 4. e3 Bb7 5. Nbd2 d6 6. Bd3 Nbd7 7. 0-0 Be7 8. h3 0-0 9. Bh2 c5 10. c3 a5 11. Qe2 Qc8 12. e4 Ba6 13. Bxa6 Qxa6 14. Qxa6 Rxa6 15. a4 Rc8 16. Rfe1 cxd4 17. Nxd4 Nc5 18. Re2 Raa8 19. c4 Ra7 20. b3 Rd7 21. Kf1 g6 22. f3 Bf8 23. g4 Bg7 24. Bg1 Nd3 25. Rd1 Ne8 26. Nb5 Nc5 27. Ree1 Nc7 28. Bxc5 bxc5 29. Nxc7 Rcxc7 30. Nb1 Rb7 31. Rd3 Be5 32. Na3 g5 33. Nb5 Rb6 34. Kg2 Kg7 35. Rh1 h6 36. h4 Rb8 37. hxg5 hxg5 38. Rh5 f6 39. Rd1 Rh8 40. Rxh8 Kxh8 41. Rh1+ Kg7 42. Kf2 Bf4 43. Ke2 Be5 44. Kd3 Rf7 45. Rh5 Bf4 46. Rh3 Rb7 47. Rh1 Be5 48. Rh3 Rb8 49. Rh1 Rb7 50. Rh3 Kg8 51. Rh1 Rf7 52. Rh5 Kg7 53. Rh3 Kg8 54. Rh5 Bf4 55. Rh3 Kg7 56. Nc3 Rf8 1/2-1/2

[Event "Taastrup op"]
[Site "Taastrup"]
[Date "2000.01.23"]
[Round "3"]
[White "Hvenekilde, Jorgen"]
[Black "Jorgensen, Per Henrik Dorff"]
[Result "1/2-1/2"]
[WhiteElo "2266"]
[BlackElo "2300"]
[PlyCount "41"]
[EventDate "2000.01.21"]
[EventType "swiss"]
[EventRounds "9"]
[EventCountry "DEN"]
[SourceTitle "EXT 2023"]
[Source "ChessBase"]
[SourceDate "2022.10.05"]
[SourceVersion "1"]
[SourceVersionDate "2022.10.05"]
[SourceQuality "1"]

1. d4 Nf6 2. c4 g6 3. Nc3 Bg7 4. e4 d6 5. f3 0-0 6. Be3 e5 7. Nge2 c6 8. Qd2 Nbd7 9. 0-0-0 a6 10. Kb1 b5 11. c5 Qc7 12. dxe5 dxe5 13. Nc1 Bb7 14. Bd3 Rfd8 15. Qf2 Nf8 16. Rd2 Ne6 17. Rhd1 Nd7 18. Bc2 Nd4 19. Nb3 Nxc2 20. Kxc2 Nf8 21. Rxd8 1/2-1/2

[Event "DEN-chT 9798"]
[Site "Denmark"]
[Date "1997.11.02"]
[Round "1.4"]
[White "Bang, Andreas"]
[Black "Jorgensen, Per Henrik Dorff"]
[Result "1-0"]
[WhiteElo "2280"]
[BlackElo "2300"]
[PlyCount "89"]
[EventDate "1997.11.02"]
[EventType "team-tourn"]
[EventRounds "7"]
[EventCountry "DEN"]
[SourceTitle "EXT 2023"]
[Source "ChessBase"]
[SourceDate "2022.10.05"]
[SourceVersion "1"]
[SourceVersionDate "2022.10.05"]
[SourceQuality "1"]
[WhiteTeam "Nykobing Falster"]
[BlackTeam "Frederiksberg"]
[WhiteTeamCountry "DEN"]
[BlackTeamCountry "DEN"]

1. Nf3 Nf6 2. c4 d6 3. d4 Nbd7 4. Nc3 c6 5. e4 e5 6. Be2 Be7 7. 0-0 0-0 8. Qc2 a6 9. Rb1 b5 10. b4 Qc7 11. Be3 Bb7 12. Rfc1 Rac8 13. Nd2 Rfe8 14. cxb5 cxb5 15. d5 Nb6 16. Qd1 Qd8 17. a4 Nxa4 18. Nxa4 bxa4 19. Qxa4 Rxc1+ 20. Rxc1 Qb8 21. f3 Rc8 22. Nc4 Ne8 23. Rb1 Nc7 24. Nb6 Rd8 25. Rc1 h6 26. Rc2 Bg5 27. Bf2 g6 28. Nc4 Nb5 29. Na5 Rc8 30. Nc6 Qa8 31. Bxb5 axb5 32. Qxb5 Bxc6 33. dxc6 Qa1+ 34. Qf1 Qa4 35. Qb1 Rxc6 36. Rxc6 Qxc6 37. b5 Qb7 38. b6 Bd8 39. Qb5 Kg7 40. g3 h5 41. Qd5 Qb8 42. Qc6 Kf8 43. Kg2 Ke7 44. b7 Bc7 45. Ba7 1-0

[Event "DEN-chT 9394"]
[Site "Denmark"]
[Date "1993.??.??"]
[Round "1"]
[White "Jacobsen, Bo"]
[Black "Jorgensen, Per Henrik Dorff"]
[Result "0-1"]
[WhiteElo "2250"]
[BlackElo "2295"]
[PlyCount "78"]
[EventDate "1993.11.??"]
[EventType "team-tourn"]
[EventRounds "7"]
[EventCountry "DEN"]
[SourceTitle "EXT 2000"]
[Source "ChessBase"]
[SourceDate "1999.11.16"]
[SourceVersion "1"]
[SourceVersionDate "1999.11.16"]
[SourceQuality "1"]

1. c4 Nf6 2. g3 g6 3. Bg2 Bg7 4. Nc3 d6 5. d4 0-0 6. Nf3 Nbd7 7. 0-0 e5 8. e4 c6 9. Rb1 Re8 10. Re1 exd4 11. Nxd4 Ng4 12. Nc2 Nc5 13. Ne3 Ne5 14. Bd2 Ned3 15. Re2 a5 16. b3 h5 17. a3 h4 18. Qc2 Ne5 19. Ncd1 Ne6 20. Bc3 hxg3 21. hxg3 c5 22. Qd2 Nd4 23. Bxd4 cxd4 24. Nd5 Bg4 25. Re1 g5 26. f4 Nf3+ 27. Bxf3 Bxf3 28. Nf2 g4 29. f5 Kh7 30. Rb2 Be5 31. Rf1 Rh8 32. Nxg4 Bxg4 33. f6 Bxg3 34. Ne7 Qd7 35. Qg5 Rag8 36. Rf5 Rxg5 37. Rxg5 Qe6 38. Rg2 Qxe4 39. Rxg3 Qe1+ 0-1

[Event "Gladsaxe"]
[Site "Gladsaxe"]
[Date "1993.??.??"]
[Round "4"]
[White "Jorgensen, Per Henrik Dorff"]
[Black "Danielsen, Heini"]
[Result "1-0"]
[WhiteElo "2295"]
[BlackElo "2095"]
[PlyCount "59"]
[EventDate "1993.??.??"]
[EventType "swiss"]
[EventRounds "9"]
[EventCountry "DEN"]
[SourceTitle "EXT 2000"]
[Source "ChessBase"]
[SourceDate "1999.11.16"]
[SourceVersion "1"]
[SourceVersionDate "1999.11.16"]
[SourceQuality "1"]

1. d4 Nf6 2. Nf3 g6 3. c4 Bg7 4. Nc3 0-0 5. e3 d6 6. Be2 c5 7. 0-0 Nbd7 8. d5 a6 9. a4 b6 10. e4 Ne8 11. Bg5 h6 12. Bf4 Ne5 13. Qd2 Kh7 14. Rad1 Ra7 15. h3 Nxf3+ 16. Bxf3 e5 17. dxe6 fxe6 18. e5 Qh4 19. Bg3 Qxc4 20. exd6 Bd7 21. Rfe1 Nf6 22. Qc2 b5 23. b3 Qb4 24. Na2 Qa5 25. Qxc5 Raa8 26. Bxa8 Rxa8 27. Qc7 Qxc7 28. dxc7 bxa4 29. bxa4 Nd5 30. Nb4 1-0

[Event "Gladsaxe"]
[Site "Gladsaxe"]
[Date "1993.??.??"]
[Round "9"]
[White "Jorgensen, Per Henrik Dorff"]
[Black "Nilsson, Nils Specht"]
[Result "1-0"]
[WhiteElo "2295"]
[BlackElo "2245"]
[PlyCount "45"]
[EventDate "1993.??.??"]
[EventType "swiss"]
[EventRounds "9"]
[EventCountry "DEN"]
[SourceTitle "EXT 2000"]
[Source "ChessBase"]
[SourceDate "1999.11.16"]
[SourceVersion "1"]
[SourceVersionDate "1999.11.16"]
[SourceQuality "1"]

1. d4 d5 2. c4 dxc4 3. e3 e5 4. Bxc4 exd4 5. exd4 Nf6 6. Nf3 Bb4+ 7. Nc3 Qe7+ 8. Be3 Ng4 9. 0-0 Bxc3 10. Bg5 Nf6 11. bxc3 0-0 12. Re1 Qd6 13. Ne5 Nc6 14. Qb3 Nd8 15. Re3 Be6 16. Bxe6 fxe6 17. Rae1 Qd5 18. Qc2 Nf7 19. Bxf6 gxf6 20. Ng6 Rfe8 21. Nf4 Qd6 22. Nxe6 Ng5 23. Nxg5 1-0

[Event "DEN-chT 9394"]
[Site "Denmark"]
[Date "1993.??.??"]
[Round "3"]
[White "Jorgensen, Per Henrik Dorff"]
[Black "Pedersen, Svend"]
[Result "1/2-1/2"]
[WhiteElo "2295"]
[BlackElo "2250"]
[PlyCount "96"]
[EventDate "1993.11.??"]
[EventType "team-tourn"]
[EventRounds "7"]
[EventCountry "DEN"]
[SourceTitle "EXT 2000"]
[Source "ChessBase"]
[SourceDate "1999.11.16"]
[SourceVersion "1"]
[SourceVersionDate "1999.11.16"]
[SourceQuality "1"]

1. d4 d6 2. e4 g6 3. Nc3 Bg7 4. f4 c6 5. Nf3 d5 6. e5 h5 7. Be3 Nh6 8. Qd2 Bg4 9. Be2 e6 10. g3 Nf5 11. Bf2 Nd7 12. h3 Bxf3 13. Bxf3 a6 14. 0-0-0 Qa5 15. g4 hxg4 16. hxg4 Rxh1 17. Rxh1 Ne7 18. Rh7 Bf8 19. f5 c5 20. fxe6 fxe6 21. Bh4 cxd4 22. Qf4 0-0-0 23. Qxd4 Nc6 24. Qf4 Ncxe5 25. Bxd8 Qxd8 26. Bg2 Bd6 27. Qh6 Nf8 28. Rg7 Nxg4 29. Qh3 Qg5+ 30. Kb1 Nf2 31. Qf3 Qe5 32. Qxf2 Qxg7 33. a3 Kc7 34. Bh3 Qe7 35. Na4 Nd7 36. Qe3 e5 37. Qd3 Nf6 38. c4 e4 39. Qd4 dxc4 40. Qxc4+ Kb8 41. Nb6 e3 42. Qe2 Nh5 43. Bg4 Qe4+ 44. Ka2 Nf4 45. Qh2 Kc7 46. Na8+ Kc6 47. Qh8 Qc4+ 48. Ka1 Qc1+ 1/2-1/2

[Event "Gladsaxe"]
[Site "Gladsaxe"]
[Date "1993.??.??"]
[Round "5"]
[White "Jorgensen, Per Henrik Dorff"]
[Black "Schandorff, Lars"]
[Result "1/2-1/2"]
[WhiteElo "2295"]
[BlackElo "2435"]
[PlyCount "68"]
[EventDate "1993.??.??"]
[EventType "swiss"]
[EventRounds "9"]
[EventCountry "DEN"]
[SourceTitle "EXT 2000"]
[Source "ChessBase"]
[SourceDate "1999.11.16"]
[SourceVersion "1"]
[SourceVersionDate "1999.11.16"]
[SourceQuality "1"]

1. d4 Nf6 2. Nf3 g6 3. c4 Bg7 4. Nc3 0-0 5. Bg5 d6 6. e3 Nbd7 7. Be2 b6 8. Qc2 Bb7 9. 0-0 h6 10. Bh4 e6 11. Rad1 Qe7 12. h3 g5 13. Bg3 Ne8 14. d5 Bxc3 15. Qxc3 e5 16. e4 f5 17. exf5 Ng7 18. Bh2 Nxf5 19. g4 Ng7 20. Nd2 Nf6 21. Bf3 Qf7 22. Kg2 Qg6 23. Rde1 Nge8 24. Ne4 Bc8 25. Qe3 Bd7 26. Rd1 a5 27. b3 Kh8 28. Bg3 Qg7 29. Rh1 Kg8 30. Qe2 Nxe4 31. Bxe4 Nf6 32. Bc2 Rae8 33. f3 h5 34. Be4 Re7 1/2-1/2

[Event "Politiken Cup 15th"]
[Site "Copenhagen"]
[Date "1993.??.??"]
[Round "8"]
[White "Ostergaard, Jens"]
[Black "Jorgensen, Per Henrik Dorff"]
[Result "1/2-1/2"]
[WhiteElo "2290"]
[BlackElo "2295"]
[PlyCount "65"]
[EventDate "1993.06.??"]
[EventType "swiss"]
[EventRounds "10"]
[EventCountry "DEN"]
[SourceTitle "EXT 1999"]
[Source "ChessBase"]
[SourceDate "1998.11.16"]
[SourceVersion "1"]
[SourceVersionDate "1998.11.16"]
[SourceQuality "1"]

1. d4 Nf6 2. Nf3 d6 3. c4 Nbd7 4. Nc3 c6 5. e4 e5 6. Be2 Be7 7. 0-0 0-0 8. Re1 a6 9. Bf1 b5 10. a3 Bb7 11. Bg5 Re8 12. b4 Qb8 13. h3 h6 14. Bh4 Qa7 15. a4 bxc4 16. dxe5 Nxe5 17. Nxe5 dxe5 18. Bxc4 Nd5 19. Nxd5 Bxh4 20. Ne3 Bc8 21. Qb3 Be6 22. g3 Bg5 23. Bxe6 Rxe6 24. Nc4 Rd8 25. b5 cxb5 26. axb5 Qb7 27. b6 Rb8 28. Qa4 Bd8 29. Qxa6 Qxa6 30. Rxa6 Bxb6 31. Rea1 Bd4 32. Ra8 Rxa8 33. Rxa8+ 1/2-1/2

[Event "DEN-chT 9192"]
[Site "Denmark"]
[Date "1991.??.??"]
[Round "4"]
[White "Moe, Mogens"]
[Black "Jorgensen, Per Henrik Dorff"]
[Result "1-0"]
[WhiteElo "2300"]
[BlackElo "2295"]
[PlyCount "57"]
[EventDate "1991.??.??"]
[EventType "team"]
[EventRounds "7"]
[EventCountry "DEN"]
[SourceTitle "EXT 2000"]
[Source "ChessBase"]
[SourceDate "1999.11.16"]
[SourceVersion "1"]
[SourceVersionDate "1999.11.16"]
[SourceQuality "1"]

1. e4 e6 2. d4 d5 3. Nc3 Bb4 4. Nge2 dxe4 5. a3 Be7 6. Nxe4 Nf6 7. Qd3 Nc6 8. Bf4 0-0 9. 0-0-0 Nd5 10. h4 f5 11. Ng5 Nxf4 12. Nxf4 Bxg5 13. hxg5 Qxg5 14. Qe3 h6 15. Bc4 Nd8 16. Rh3 Qf6 17. d5 e5 18. d6+ Kh8 19. Nh5 f4 20. Qc5 cxd6 21. Rxd6 Qf5 22. Nxg7 Kxg7 23. Rxd8 Qf6 24. Qc7+ Kg6 25. Rd6 Bxh3 26. gxh3 Kg5 27. Rxf6 Rxf6 28. Qxe5+ Kg6 29. Qe7 1-0